Szczegóły MARC21

Fixed point theory and variational methods for nonlinear differential and integral equations /

003 -Nazwa inst., której nr kontr. jest w polu 001 [,]
    • @
    • Nazwa instytucji, której n kontrolny jest w polu 001
    • NUKAT
005 -DATA I CZAS OSTATNIEJ MODYFIKACJI [,]
    • @
    • pole kontrolne
    • 20241231093002.0
020 -Międzynarod. znormalizowany nr książki - ISBN [ , ]
    • z
    • Błędny ISBN (P)
    • 9772082433007 Find
040 -Instytucja sporządzająca opis [ , ]
    • a
    • Instytucja, która sporządziła opis (NP)
    • KR U/BU
    • c
    • Instytucja, która sporządziła rekord (NP)
    • KR U/BU
942 -Rodzaj dokumentu [ , ]
    • c
    • Rodzaj dokumentu
    • Książka
100 -Hasło główne - nazwa osobowa [1, ]
    • a
    • Nazwa osobowa (NP)
    • Frigon, Marlène.
    • 9
    • KHW
    • 453331
245 -Strefa tytułu i oznaczenia odpowiedzialności [1,0]
    • a
    • Tytuł
    • Fixed point theory and variational methods for nonlinear differential and integral equations / Find
    • c
    • Pozostałe elementy strefy tytułu i oznaczenia odpowiedzialności (NP)
    • Marlène Frigon, Gennaro Infante, Petru Jebelean ; Juliusz P. Schauder Centre for Nonlinear Studies. Nicolaus Copernicus University in Torun.
260 -Strefa adresu wydawniczego [ , ]
    • a
    • Miejsce wydania (P)
    • Toruń :
    • b
    • Nazwa wydawcy (P)
    • Schauder Center for Nonlinear Studies Nicolaus Copernicus University,
    • c
    • Data wydania (P)
    • 2017.
300 -Strefa opisu fizycznego [ , ]
    • a
    • Określenie formy książki i/lub objętość (NP)
    • 192 s. :
    • b
    • Oznaczenie ilustracji (NP)
    • il. ;
    • c
    • Format (NP)
    • 24 cm.
336 -Typ zawartości [ , ]
    • a
    • Termin opisujący typ zawartości
    • Tekst
    • b
    • Kod określający zawartość
    • txt
    • 2
    • Źródło (terminu i kodu)
    • rdacontent
337 -Typ mediów [ , ]
    • a
    • Tryb odtwarzania
    • Bez urządzenia pośredniczącego
    • b
    • Kod typu mediów
    • n
    • 2
    • Źródło (terminu i kodu)
    • rdamedia
338 -Typ/rodzaj nośnika [ , ]
    • a
    • Hasło opisujące typ nośnika
    • Wolumin
    • b
    • Kod typu nośnika
    • nc
    • 2
    • Źródło (terminu i kodu)
    • rdacarrier
490 -Strefa serii i książki wielotomowej - forma nie do wyszukiwania [1, ]
    • a
    • Tytuł (P)
    • Lecture Notes in Nonlinear Analysis, Find
    • x
    • ISSN (NP)
    • 2082-4335 ;
    • v
    • Numeracja (P)
    • vol. 16
830 -Hasło dodatkowe serii i opisu książki wielotomowej - tytuł ujednolicony/tytuł [ ,0]
    • a
    • Tytuł ujednolicony/tytuł (NP)
    • Lecture Notes in Nonlinear Analysis
    • x
    • ISSN
    • 2082-4335
    • v
    • Oznaczenie tomu (NP)
    • vol. 16
    • 9
    • KHW
    • 23820
500 -Uwaga ogólna [ , ]
    • a
    • Uwaga ogólna (NP)
    • Na książce wyłącznie błędny ISBN.
504 -Uwaga dot. bibliogr. załącznikowej [ , ]
    • a
    • Uwaga dot. bibliografii załącznikowej
    • Bibliogr. przy częściach.
650 -Hasło przedmiotowe [ ,7]
    • a
    • Hasło przedmiotowe
    • Równania różniczkowe.
    • 2
    • Źródło terminu
    • kaba
    • 9
    • KHW
    • 129285
650 -Hasło przedmiotowe [ ,7]
    • a
    • Hasło przedmiotowe
    • Równania całkowe.
    • 2
    • Źródło terminu
    • kaba
    • 9
    • KHW
    • 129268
650 -Hasło przedmiotowe [ ,7]
    • a
    • Hasło przedmiotowe
    • Twierdzenie o punkcie stałym.
    • 2
    • Źródło terminu
    • kaba
    • 9
    • KHW
    • 134090
700 -Hasło dodatkowe - nazwa osobowa [1, ]
    • a
    • Nazwa osobowa (NP)
    • Jebelean, Petru. Find
    • 9
    • KHW
    • 453332
700 -Hasło dodatkowe - nazwa osobowa [1, ]
    • a
    • Nazwa osobowa (NP)
    • Infante, Gennaro. Find
    • 9
    • KHW
    • 453333
710 -Hasło dodatkowe - nazwa ciała zbiorowego [2, ]
    • a
    • Nazwa ciała zbiorowego lub nazwa geograficzna jako pierwszy element (NP)
    • Uniwersytet Mikołaja Kopernika (Toruń).
    • b
    • Nazwa jednostki podrzędnej (P)
    • Centrum Badań Nieliniowych im. Juliusza Pawła Schaudera.
    • 4
    • Kod relacji
    • pbl
    • 9
    • KHW
    • 90215
920 -ISBN [ , ]
    • z
    • Błędny ISBN
    • 977-2082-433-00-7 Find
931 -Powiązanie tyt. z wydaw. ciągłym [ , ]
    • a
    • Powiązanie tytułówki z wydaw. ciągłym
    • PATRZ WYDAWNICTWO CIĄGŁE
    • z
    • Numer rek. powiązanego
    • 203152